|
|
|
|
| LEADER |
01987nam a22003972a 4500 |
| 001 |
000091769 |
| 003 |
CZ BrMZK |
| 005 |
20141017100208.0 |
| 007 |
ta |
| 008 |
960707s1989 xr a f cze d |
| 015 |
|
|
|a cnb000046363
|
| 035 |
|
|
|a (OCoLC)39406769
|
| 040 |
|
|
|a BOA001
|b cze
|
| 080 |
9 |
|
|a 502.743(084.4)
|
| 080 |
9 |
|
|a 598.2(084.4)
|
| 080 |
9 |
|
|a 804:502.743
|
| 245 |
0 |
0 |
|a Červená kniha ohrožených a vzácných druhů rostlin a živočichů ČSSR.
|n 2.,
|p Kruhoústí, ryby, obojživelníci, plazi, savci /
|c Kamil Sedláček, Vlastimil Baruš a kolektiv
|
| 246 |
3 |
0 |
|a Kruhoústí, ryby, obojživelníci, plazi, savci
|
| 250 |
|
|
|a 1. vyd.
|
| 260 |
|
|
|a Praha :
|b Státní zemědělské nakladatelství,
|c 1989
|
| 300 |
|
|
|a 133 s.
|
| 700 |
1 |
|
|a Baruš, Vlastimil,
|d 1935-2014
|7 jk01011023
|4 aut
|
| 700 |
1 |
|
|a Sedláček, Kamil
|7 xx0016996
|4 aut
|
| 856 |
4 |
1 |
|u http://www.digitalniknihovna.cz/mzk/uuid/uuid:650bc9d0-db43-11e3-b110-005056827e51
|y Digitalizovaný dokument
|x NDK
|
| 910 |
|
|
|a BOA001
|b PK-N-0027.440,2
|b 4-0938.281,2
|
| 920 |
|
|
|a 000084445
|
| 964 |
|
|
|a Živočichové chránění - Československo - atlasy
|
| 964 |
|
|
|a Rostliny chráněné - Československo - atlasy
|
| 990 |
|
|
|a BK
|
| 996 |
6 |
|
|b 2619940068
|c 4-0938.281,2
|l MZK
|r Sklad / do 1 hodiny
|n 1
|w 000091769
|u 000040
|a 1
|e BOA001
|j MZK50
|s P
|
| 996 |
6 |
|
|b 2619940069
|c 4-0938.281,2
|l MZK
|r Sklad / do 1 hodiny
|n 2
|w 000091769
|u 000050
|a 1
|e BOA001
|j MZK50
|s P
|
| 996 |
6 |
|
|b 2619940070
|c 4-0938.281,2
|l MZK
|r Sklad / do 1 hodiny
|n 0
|w 000091769
|u 000060
|a 1
|e BOA001
|j MZK50
|s P
|
| 996 |
6 |
|
|b 2619961828
|c 4-0938.281,2
|l MZK
|r Sklad / do 1 hodiny
|n 0
|w 000091769
|u 000070
|a 1
|e BOA001
|j MZK50
|s P
|
| 996 |
6 |
|
|b 2619989162
|c 4-0938.281,2
|l MZK
|r Sklad / do 1 hodiny
|n 0
|p H VII 2
|w 000091769
|u 000030
|a 1
|e BOA001
|j MZK50
|s P
|
| 996 |
7 |
|
|b 3119940567
|c PK-N-0027.440,2
|l MZK
|r Sklad / do 1 hodiny
|n 0
|w 000091769
|u 000020
|a 1
|e BOA001
|j MZK50
|s A
|
| 996 |
7 |
|
|b 3119970018
|c PK-N-0027.440,2
|l MZK
|r Sklad / do 1 hodiny
|n 12
|w 000091769
|u 000010
|a 1
|e BOA001
|j MZK50
|s A
|